000 00535nam a2200193Ia 4500
008 180207s9999 xx 000 0 und d
020 _a9781562821784
050 _bL286 1992
100 _aLangton, Jane.
245 _aSalt :
245 _ba Russian folktale /
245 _cretold by Jane Langton ; translated by Alice Plime ; illustrated by Ilse Plume.
250 _aFirst edition.
260 _aUSA :
260 _bHyperion Books for Children,
260 _c1992
300 _aunpaged :
300 _bcolor illustration ;
999 _c355107
_d355107